[Event "Dortmund Sparkassen op-B 47th"]
[Site "Dortmund"]
[Date "2019.07.19"]
[Round "7"]
[White "Koch, Arno"]
[Black "Dolheimer, Peter"]
[Result "1-0"]
[WhiteElo "1675"]
[BlackElo "1309"]
[PlyCount "89"]
[EventDate "2019.07.13"]
[EventType "swiss"]
[EventRounds "9"]
[EventCountry "GER"]
[SourceTitle "CBM 192 Extra"]
[Source "Chessbase"]
[SourceDate "2019.11.06"]
[SourceVersion "1"]
[SourceVersionDate "2019.11.06"]
[SourceQuality "1"]

1. g3 d5 2. Bg2 Nf6 3. c4 e6 4. b3 c6 5. Bb2 Be7 6. Nf3 Nbd7 7. 0-0 b5 8. Nd4 Bb7 9. cxb5 c5 10. Nc2 Rb8 11. a4 a6 12. Nca3 axb5 13. Nxb5 0-0 14. d3 Ba6 15. N1a3 Ra8 16. Qd2 Qb8 17. Rfc1 Bd8 18. e3 Bb7 19. f4 Bb6 20. Qe2 h5 21. h3 e5 22. Rf1 exf4 23. Rxf4 Bc7 24. Nxc7 Qxc7 25. Nb5 Qb6 26. d4 Ba6 27. dxc5 Qxc5 28. Ba3 Bxb5 29. Qxb5 Qxe3+ 30. Kh2 Rfb8 31. Qc6 h4 32. Rf3 hxg3+ 33. Kh1 Ne4 34. Rxe3 Nf2+ 35. Kg1 Nf6 36. Rxg3 N6e4 37. Bxe4 Nxe4 38. Rg2 Rd8 39. Bb2 Rac8 40. Rxg7+ Kf8 41. Qh6 Ke7 42. Ba3+ Nd6 43. Qg5+ Kd7 44. Qxd5 Ke7 45. Bxd6+ 1-0

[Event "Dortmund Sparkassen op-B 47th"]
[Site "Dortmund"]
[Date "2019.07.18"]
[Round "6"]
[White "Dolheimer, Peter"]
[Black "Biessner, Eberhard"]
[Result "0-1"]
[WhiteElo "1309"]
[BlackElo "1685"]
[PlyCount "72"]
[EventDate "2019.07.13"]
[EventType "swiss"]
[EventRounds "9"]
[EventCountry "GER"]
[SourceTitle "CBM 192 Extra"]
[Source "Chessbase"]
[SourceDate "2019.11.06"]
[SourceVersion "1"]
[SourceVersionDate "2019.11.06"]
[SourceQuality "1"]

1. d4 Nf6 2. c4 e6 3. Nf3 Ne4 4. Nc3 Bb4 5. Bd2 Nxd2 6. Qxd2 b6 7. b3 Be7 8. b4 Bb7 9. d5 0-0 10. e4 c5 11. b5 d6 12. Be2 Nd7 13. 0-0 e5 14. Nd1 Nf6 15. Bd3 h6 16. Ne3 Bc8 17. Nh4 Nxe4 18. Bxe4 Bxh4 19. Nf5 Bg5 20. Qd3 g6 21. Nxh6+ Bxh6 22. g3 f5 23. Bg2 e4 24. Qc2 Bg7 25. Rab1 Bd4 26. Rb3 Qf6 27. Kh1 Bd7 28. Qd2 Kg7 29. h4 Rae8 30. Re1 Re7 31. Qf4 Be5 32. Qe3 f4 33. Qc1 f3 34. Bf1 Bf5 35. Kh2 Rh8 36. Bh3 Rxh4 0-1

[Event "Muensterland Verbandsklasse-B 0809"]
[Site "Germany"]
[Date "2009.03.28"]
[Round "8.8"]
[White "Roevekamp, Wolfgang"]
[Black "Dolheimer, Peter"]
[Result "1-0"]
[WhiteElo "1483"]
[BlackElo "1252"]
[PlyCount "79"]
[EventDate "2008.09.13"]
[EventType "team-tourn"]
[EventRounds "9"]
[EventCountry "GER"]
[SourceTitle "EXT 2010"]
[Source "ChessBase"]
[SourceDate "2010.11.25"]
[SourceVersion "1"]
[SourceVersionDate "2010.11.25"]
[SourceQuality "1"]
[WhiteTeam "Gronau"]
[BlackTeam "Buldern"]
[WhiteTeamCountry "GER"]
[BlackTeamCountry "GER"]

1. e4 e5 2. Nf3 Nf6 3. Nc3 d6 4. Bc4 Bg4 5. h3 Bxf3 6. Qxf3 c6 7. d3 Be7 8. Bg5 Nbd7 9. 0-0 h6 10. Bxf6 Bxf6 11. Qh5 Qe7 12. f4 g6 13. Qg4 h5 14. Qf3 Bg7 15. Bb3 0-0-0 16. fxe5 Nxe5 17. Qe3 c5 18. Nd5 Qd7 19. c3 Rdf8 20. d4 cxd4 21. cxd4 Nc6 22. Rac1 Bh6 23. Nf4 Kb8 24. Ba4 Qd8 25. Bxc6 bxc6 26. Rxc6 Qd7 27. Qb3+ Ka8 28. Qd5 Qb7 29. Rxd6 Qxd5 30. Nxd5 Rd8 31. Rxd8+ Rxd8 32. Rxf7 Bc1 33. b3 Bb2 34. Nc7+ Kb8 35. Na6+ Ka8 36. d5 Rc8 37. Nc7+ Kb8 38. d6 Be5 39. d7 Rd8 40. Ne6 1-0

[Event "Muensterland Verbandsklasse-B 0809"]
[Site "Germany"]
[Date "2009.01.10"]
[Round "5.6"]
[White "Dolheimer, Peter"]
[Black "Miemietz, Carsten"]
[Result "0-1"]
[WhiteElo "1252"]
[BlackElo "1717"]
[PlyCount "56"]
[EventDate "2008.09.13"]
[EventType "team-tourn"]
[EventRounds "9"]
[EventCountry "GER"]
[SourceTitle "EXT 2010"]
[Source "ChessBase"]
[SourceDate "2010.11.25"]
[SourceVersion "1"]
[SourceVersionDate "2010.11.25"]
[SourceQuality "1"]
[WhiteTeam "Buldern"]
[BlackTeam "Muenster SK IV"]
[WhiteTeamCountry "GER"]
[BlackTeamCountry "GER"]

1. d4 e6 2. c4 Nf6 3. e3 b6 4. Nf3 Bb7 5. Nc3 Be7 6. d5 0-0 7. a3 d6 8. Be2 Nbd7 9. 0-0 a5 10. dxe6 fxe6 11. Nd4 Nc5 12. Bf3 Bxf3 13. Nxf3 Qd7 14. Re1 Nfe4 15. Nxe4 Nxe4 16. Re2 a4 17. Qc2 Nc5 18. Bd2 Rf6 19. e4 e5 20. Bg5 Rg6 21. Bxe7 Qxe7 22. g3 Rf8 23. Nh4 Qxh4 24. Kh1 Qg4 25. Rf1 Nb3 26. Qd3 Nd4 27. Re3 Nf3 28. Kg2 Rh6 0-1

[Event "Muensterland Verbandsklasse-B 0809"]
[Site "Germany"]
[Date "2008.09.13"]
[Round "1.7"]
[White "Dolheimer, Peter"]
[Black "Wichmann, Norbert"]
[Result "0-1"]
[WhiteElo "1252"]
[BlackElo "1755"]
[PlyCount "66"]
[EventDate "2008.09.13"]
[EventType "team-tourn"]
[EventRounds "9"]
[EventCountry "GER"]
[SourceTitle "EXT 2010"]
[Source "ChessBase"]
[SourceDate "2010.11.25"]
[SourceVersion "1"]
[SourceVersionDate "2010.11.25"]
[SourceQuality "1"]
[WhiteTeam "Buldern"]
[BlackTeam "Muenster Indische Dame"]
[WhiteTeamCountry "GER"]
[BlackTeamCountry "GER"]

1. d4 Nf6 2. c4 g6 3. Nf3 c5 4. e3 Bg7 5. Bd2 Ne4 6. Nc3 Nxd2 7. Qxd2 cxd4 8. exd4 0-0 9. Be2 d6 10. 0-0 Nc6 11. Rad1 Qa5 12. h3 a6 13. a3 e5 14. dxe5 dxe5 15. Ne4 Qxd2 16. Rxd2 f5 17. Nd6 e4 18. Nxc8 exf3 19. Ne7+ Nxe7 20. Bxf3 Rad8 21. Rxd8 Rxd8 22. Bxb7 Bxb2 23. Bxa6 Bxa3 24. Bb7 Bc5 25. Ra1 Kf7 26. g3 Ke6 27. Re1+ Kf6 28. Kg2 Rd2 29. Rf1 Rc2 30. Ba6 Nc6 31. Bb7 Ne5 32. g4 f4 33. Be4 Rxc4 0-1

[Event "Muensterland Verbandsklasse-A 0708"]
[Site "Germany"]
[Date "2007.10.20"]
[Round "2.7"]
[White "Kaiser, Guenter1111"]
[Black "Dolheimer, Peter"]
[Result "1-0"]
[WhiteElo "1649"]
[BlackElo "1359"]
[PlyCount "55"]
[EventDate "2007.09.22"]
[EventType "team"]
[EventRounds "9"]
[EventCountry "GER"]
[SourceTitle "EXT 2009"]
[Source "ChessBase"]
[SourceDate "2008.11.26"]
[SourceVersion "1"]
[SourceVersionDate "2008.11.26"]
[SourceQuality "1"]
[WhiteTeam "Ochtrup"]
[BlackTeam "Buldern"]
[WhiteTeamCountry "GER"]
[BlackTeamCountry "GER"]

1. e4 c5 2. Nf3 Nc6 3. d4 e6 4. Nc3 cxd4 5. Nxd4 Bb4 6. Ndb5 h6 7. a3 Be7 8. Nd6+ Bxd6 9. Qxd6 a6 10. Be3 Qe7 11. Qg3 g6 12. Be2 b5 13. 0-0 b4 14. axb4 Qxb4 15. Rfb1 Nd4 16. Bd3 Nc6 17. e5 Qb8 18. f4 Nge7 19. Bc5 Bb7 20. Ne4 Qc7 21. Nd6+ Kf8 22. Qh4 Nxe5 23. Nxb7 d6 24. Bxd6 Qb6+ 25. Bc5 Nf3+ 26. gxf3 Qxb7 27. Be4 Qc7 28. Qxe7+ 1-0

[Event "Muensterland Verbandsklasse-A 0708"]
[Site "Germany"]
[Date "2007.09.15"]
[Round "1.8"]
[White "Hartmann, Viktor"]
[Black "Dolheimer, Peter"]
[Result "1-0"]
[WhiteElo "1786"]
[BlackElo "1359"]
[PlyCount "119"]
[EventDate "2007.09.22"]
[EventType "team"]
[EventRounds "9"]
[EventCountry "GER"]
[SourceTitle "EXT 2009"]
[Source "ChessBase"]
[SourceDate "2008.11.26"]
[SourceVersion "1"]
[SourceVersionDate "2008.11.26"]
[SourceQuality "1"]
[WhiteTeam "Ibbenbueren"]
[BlackTeam "Buldern"]
[WhiteTeamCountry "GER"]
[BlackTeamCountry "GER"]

1. d4 e6 2. c4 Nf6 3. Nc3 Bb4 4. Bd2 Bxc3 5. bxc3 0-0 6. Qc2 d5 7. c5 Nbd7 8. Nf3 c6 9. e3 Ne4 10. Bd3 f5 11. 0-0 Qe7 12. g3 h6 13. Bc1 g5 14. Ne1 Ndf6 15. f3 Nxc5 16. dxc5 Rf7 17. Ba3 e5 18. Bxf5 Bxf5 19. Qxf5 Ne4 20. Qg6+ Rg7 21. Qh5 Nf6 22. Qh3 Rf8 23. Qg2 g4 24. Rb1 gxf3 25. Rxf3 Ng4 26. Rxf8+ Qxf8 27. Qe2 h5 28. Ng2 Rf7 29. Rf1 Rxf1+ 30. Qxf1 Qxf1+ 31. Kxf1 Nxh2+ 32. Ke2 Kf7 33. Nh4 Ke6 34. Nf3 Ng4 35. Bb2 b5 36. cxb6 axb6 37. Ne1 c5 38. Nc2 e4 39. Na3 Kd6 40. c4 Kc6 41. cxd5+ Kxd5 42. Nb5 Kc6 43. a4 Nh6 44. Be5 Nf7 45. Bf4 Nd8 46. Nc3 Ne6 47. Nxe4 Kd5 48. Nf6+ Kc4 49. Nxh5 Kb3 50. g4 c4 51. g5 Kxa4 52. g6 b5 53. g7 Nxg7 54. Nxg7 b4 55. Be5 Kb3 56. Ne6 Ka4 57. Kd2 Kb5 58. Bd4 Kc6 59. Nf4 Kb5 60. e4 1-0